| 000 | 00558nam a22001937a 4500 | ||
|---|---|---|---|
| 003 | OSt | ||
| 008 | 260422b |||||||| |||| 00| 0 eng d | ||
| 082 |
_a634.421 _bR18E |
||
| 100 | _aRanjan, Priya. | ||
| 245 | _aEffect of Pre and Post-Harvest Application of Various Chemicals on Shelf Life of Guava Fruit (Psidium guajava L.) var. Allahabad Safeda | ||
| 260 |
_aSabour, Bhagalpur _bBAC, RAU _c2005 |
||
| 300 | _a68p. | ||
| 502 |
_bM. Sc. _d2005 |
||
| 650 | _aHorticulture | ||
| 650 | _aGuavas | ||
| 650 | _aThesis | ||
| 650 | _aM. Sc. | ||
| 942 |
_2ddc _cT |
||
| 999 |
_c50105 _d50105 |
||